Sessió contínua: Cova Macías, Carles Congost, Joan Morey ... / [comissariada per Montse Badia] Cova Macías, Carles Congost, Joan Morey ... / [comissariada per Montse Badia]
ISBN:
84-9803-077-3
Descripción Física:
109 p. : il. col. 21 cm + 1 full pelg.
Otros Autores:
Badia, Montse
Materias:
Videoart -- Exposicions
MARC
| LEADER | 00000nam a2200000Ia 4500 | ||
|---|---|---|---|
| 001 | 17143 | ||
| 008 | 160829s2005 xx 000 0 cat d | ||
| 020 | |a 84-9803-077-3 | ||
| 080 | |a B-1-11 | ||
| 245 | |a Sessió contínua: |b Cova Macías, Carles Congost, Joan Morey ... / [comissariada per Montse Badia] | ||
| 260 | |a Barcelona : |b Diputació de Barcelona, |c 2005 | ||
| 300 | |a 109 p. : |b il. col. 21 cm + 1 full pelg. | ||
| 590 | |a Catàleg d'exposició | ||
| 650 | |a Videoart |x Exposicions |9 22198 | ||
| 700 | |a Badia, Montse |9 22199 | ||
| 710 | 1 | |a Barcelona (Catalunya : Província). |b Diputació |9 52408 | |
| 901 | |a Arxiu | ||
| 942 | |n 1 | ||
| 952 | |0 0 |1 0 |4 0 |6 B111 |7 1 |9 42112 |a Arxiu |b Arxiu |d 2016-12-01 |l 0 |o B-1-11 |p 17143 |r 2016-12-01 00:00:00 |w 2016-12-01 |y ARXIU | ||
| 999 | |c 44559 |d 44559 | ||